| 000 | 00373nam a2200133 i 4500 | ||
|---|---|---|---|
| 001 | 82767 | ||
| 003 | ES-MaACL | ||
| 007 | t| | ||
| 008 | 041111s1902 sp ||||1| spa d | ||
| 245 | 0 | 0 | _aInspección sobre las Asociaciones benéficas médico-farmacéuticas. |
| 260 |
_aMadrid : _bEnrique Teodoro, _c1902. |
||
| 300 |
_aXVI, 150 p. ; _c22 cm. |
||
| 852 |
_aES-MaACL _jG-15808 |
||
| 999 |
_c82767 _d82767 |
||